Southville International School and Colleges
Your cart is empty.
  • Cart
  • Lists
    Public lists Eva Luna New books Lux_list list_1
    Your lists Log in to create your own lists
  • Log in to your account
  • Your cookies
  • Search history
Southville International School and Colleges
  • Advanced search
  • Recent comments
  • Most popular
  • Libraries

Log in to your account

Log in with GOOGLE


If you do not have an external account, but do have a local account, you can still log in:

  1. Home
  2. MARC view: How to say it :
Normal view MARC view ISBD view

How to say it : (Record no. 15567)

[ view plain ]
MARC details
000 -LEADER
fixed length control field 02289cam a2200385 a 4500
001 - CONTROL NUMBER
control field 14764184
003 - CONTROL NUMBER IDENTIFIER
control field OSt
005 - DATE AND TIME OF LATEST TRANSACTION
control field 20140310182741.0
008 - FIXED-LENGTH DATA ELEMENTS--GENERAL INFORMATION
fixed length control field 070309s2007 nyu 000 0 eng
010 ## - LIBRARY OF CONGRESS CONTROL NUMBER
LC control number 2007009371
020 ## - INTERNATIONAL STANDARD BOOK NUMBER
International Standard Book Number 9780735204225
020 ## - INTERNATIONAL STANDARD BOOK NUMBER
International Standard Book Number 0735204225
035 ## - SYSTEM CONTROL NUMBER
System control number (OCoLC)ocm85833350
035 ## - SYSTEM CONTROL NUMBER
System control number (OCoLC)85833350
040 ## - CATALOGING SOURCE
Original cataloging agency DLC
Transcribing agency DLC
Modifying agency DLC
050 00 - LIBRARY OF CONGRESS CALL NUMBER
Classification number HF 5549.5.I6
Item number .M318 2007
100 1# - MAIN ENTRY--PERSONAL NAME
Personal name Matias, Linda.
245 10 - TITLE STATEMENT
Title How to say it :
Remainder of title job interviews /
Statement of responsibility, etc Linda Matias.
250 ## - EDITION STATEMENT
Edition statement 1st ed.
260 ## - PUBLICATION, DISTRIBUTION, ETC. (IMPRINT)
Place of publication, distribution, etc New York, NY :
Name of publisher, distributor, etc Prentice Hall Press,
Date of publication, distribution, etc 2007.
300 ## - PHYSICAL DESCRIPTION
Extent xvii, 250 p. :
Dimensions 20 cm.
504 ## - BIBLIOGRAPHY, ETC. NOTE
Bibliography, etc Includes bibliographical references and index.
505 0# - FORMATTED CONTENTS NOTE
Formatted contents note Your interview toolkit -- Scoring winning references -- Preparing your thirty-second pitch -- Making a good impression -- Adapting to different interview formats and interviewer styles -- Informational interviews: the fast track to a new job -- Effectively managing traditional interview formats -- Recognizing and adapting to different interviewer styles -- Winning answers to the most common interview questions -- Preparing original answers to typical questions -- Will you fit in? interview questions -- Can you do the job? interview questions -- Off-the-wall interview questions -- Discussing career challenges -- Handling inappropriate questions -- The finish line -- Questions to ask during the interview -- Effective follow-up wins job offers -- Negotiate an attractive compensation package.
521 ## - TARGET AUDIENCE NOTE
Target audience note
562 ## - COPY AND VERSION IDENTIFICATION NOTE
Number of copies for circulation. 1 copy available in the collection
650 #0 - SUBJECT ADDED ENTRY--TOPICAL TERM
Topical term or geographic name as entry element Employment interviewing
Form subdivision Handbooks, manuals, etc.
650 #0 - SUBJECT ADDED ENTRY--TOPICAL TERM
Topical term or geographic name as entry element Job hunting
Form subdivision Handbooks, manuals, etc.
856 41 - ELECTRONIC LOCATION AND ACCESS
Materials specified Table of contents only
Uniform Resource Identifier <a href="http://www.loc.gov/catdir/toc/ecip0712/2007009371.html">http://www.loc.gov/catdir/toc/ecip0712/2007009371.html</a>
856 42 - ELECTRONIC LOCATION AND ACCESS
Materials specified Contributor biographical information
Uniform Resource Identifier <a href="http://www.loc.gov/catdir/enhancements/fy0743/2007009371-b.html">http://www.loc.gov/catdir/enhancements/fy0743/2007009371-b.html</a>
856 42 - ELECTRONIC LOCATION AND ACCESS
Materials specified Publisher description
Uniform Resource Identifier <a href="http://www.loc.gov/catdir/enhancements/fy0743/2007009371-d.html">http://www.loc.gov/catdir/enhancements/fy0743/2007009371-d.html</a>
906 ## - LOCAL DATA ELEMENT F, LDF (RLIN)
a 7
b cbc
c orignew
d 1
e ecip
f 20
g y-gencatlg
942 ## - ADDED ENTRY ELEMENTS (KOHA)
Source of classification or shelving scheme Library of Congress Classification
Koha item type Books
Call number prefix Foreign
Holdings
Withdrawn status Lost status Source of classification or shelving scheme Damaged status Home library Current library Shelving location Date acquired Source of acquisition Cost, normal purchase price Total Checkouts Full call number Barcode Date last seen Copy number Price effective from Koha item type
    Library of Congress Classification   College Library College Library General Circulation Section 10/14/2011   529.00   HF 5549.5.I6 .M318 2007 C13153 04/22/2017 1 10/18/2013 Books

How to say it :

APA

Matias L., . (2007). How to say it. New York, NY: Prentice Hall Press.

Chicago

Matias Linda, . 2007. How to say it. New York, NY: Prentice Hall Press.

Harvard

Matias L., . (2007). How to say it. New York, NY: Prentice Hall Press.

MLA

Matias Linda, . How to say it. New York, NY: Prentice Hall Press. 2007.

  • Place hold
  • Print
  • Cite
  • Add to your cart (remove)
  • Save record
    BIBTEX Dublin Core MARCXML MARC (non-Unicode/MARC-8) MARC (Unicode/UTF-8) MARC (Unicode/UTF-8, Standard) MODS (XML) RIS
  • More searches
    Search for this title in:
    Other Libraries (WorldCat) Other Databases (Google Scholar) Online Stores (Bookfinder.com) Open Library (openlibrary.org)

Exporting to Dublin Core...

SOUTHVILLE LIBRARY

Southville International School and Colleges Library

1281 Tropical Ave. Cor. Luxembourg St., BF Homes International, Las Pinas City

Tel. No. 8256374 / 252358 Loc. 117/146

Powered by Koha